000 00896nam a2200241 i 4500
001 53896
003 ES-MaACL
005 20230906162841.0
007 t|
008 031117s2000 mx ||||1| spa d
020 _a968-835-342-6
080 _a338.1 (728)
080 _a308(728)
100 1 _aLizcano, Francisco.
_972622
245 1 0 _aDesarrollo socieconómico de América Central en la segunda mitad del siglo XX /
_cFrancisco Lizcano Fernández.
260 _aToluca (México) :
_bUniversidad Autónoma del Estado de México ;
_aMadrid :
_bAsociación de Investigación y Especialización sobre Temas Iberoamericanos,
_c2000.
300 _a364 p. ;
_c23 cm.
490 1 _aColección: Historia ;
_v21
651 _aAmérica central-
_xSituación económica.
_9170871
830 0 _aColección: Historia ;
_v21
_9179966
852 _aES-MaACL
_jL-26606
_bR.132232
999 _c53896
_d53896